000 00820nam a2200229Ia 4500
003 GCL
008 140319s9999 xx 000 0 ara d
040 _aGCL /
_cGCL
082 0 4 _a790.43
_bك س
100 1 _aاسامة الغزولى
245 1 0 _aالسينما والايدلوجيه وشباك التذاكر /
_cاسامة الغزولى
700 1 _aكاراجانوف، ا
300 _a127 ص
490 _aالهيئة العامة للاستعلامات
_v0
650 0 4 _aالافلام السينمائية
650 0 4 _aالسينما - نقد
650 0 4 _aالسينما - صناعة وتجارة
650 0 4 _aالسينما - الجوانب الاجتماعية
650 0 4 _aالسينما - مشاهدون
650 0 4 _aالسينما - الجوانب السياسية
942 _2ddc
_cBK
999 _c46893
_d46893